000 00548 a2200181 4500
003 OSt
005 20240118101618.0
008 240118b |||||||| |||| 00| 0 eng d
020 _a9788182719712
040 _coclc
082 _a297
_bKAR/I
100 _a Karakunnu, Sheikh Mohammed
_91839
245 _aIslamika Nagarikatha Sobhanachithrangal /
_cSheikh Mohammed Karakunnu
250 _a3rd ed.
260 _aKozhikode:
_bIslamic Publishing House,
_c2019.
300 _a208p.
942 _2ddc
_cBK
_h297
_iKAR/I
_k297
_mKAR/I
999 _c43241
_d43241